Family Feud #20 - Statistics

General Stats
  • This quiz has been taken 13 times
  • The average score is 2 of 6
Answer Stats
Hint Answer % Correct
18 Work
100%
30 Jury Duty
25%
7 Bills
17%
5 Debt
17%
7 Bad Relationships
8%
6 Traffic Tickets
8%
No matching quizzes found
Score Distribution
Percent of People with Each Score
Percentile by Number Answered
Your Score History
You have not taken this quiz